Statistics for Top 25 Biggest Countries by population in Europe

Click here to take the quiz!

General Stats

  • This quiz has been taken 202 times
    (48 since last reset)
  • The average score is 24 of 25

Answer Stats

RankAnswerPopulation% Correct
82ndBelgium11 Million
100%
23rdFrance64 Million
100%
19thGermany83 Million
100%
25thItaly58 Million
100%
37thPoland41 Million
100%
93rdPortugal10 Million
100%
32ndSpain47 Milion
100%
87thSweden10 Million
100%
21stUK67 Million
100%
91stGreece10 Million
98%
9thRussia144 Million
98%
105thSerbia7 Million
98%
41stUkraine36 Million
98%
64thRomania19 Million
96%
100thAustria9 Million
93%
97thBelarus9 Million
93%
115thDenmark5 Million
93%
118thFinland5 Million
93%
72ndNetherlands17 Million
93%
119thNorway5 Million
93%
116thSlovakia5 Million
93%
101stSwitzerland8 Million
93%
110thBulgaria6 Million
91%
89thCzechia10 Million
91%
94thHungary10 Million
87%

Score Distribution

Percentile by Number Answered

Percent of People with Each Score

Your Score History

You have not taken this quiz since the last reset